Biografia / Francesc Pereira ; pròleg de Jordi Mesalles i Bisbe
Descripción Física:
51 p. ; 18 cm
Colección:
Biblioteca teatral ; 85
Otros Autores:
Mesalles, Jordi, pr
MARC
| LEADER | 00000nam a2200000Ia 4500 | ||
|---|---|---|---|
| 001 | 10694 | ||
| 008 | 160829s1994 xx 000 0 cat d | ||
| 080 | |a L-1-270 | ||
| 100 | |a Pereira, Francesc |9 28998 | ||
| 245 | |a Biografia / Francesc Pereira ; pròleg de Jordi Mesalles i Bisbe | ||
| 260 | |a Barcelona : |b Institut del Teatre de la Diputació de Barcelona, |c 1994 | ||
| 300 | |a 51 p. ; |c 18 cm | ||
| 490 | |a Biblioteca teatral ; 85 | ||
| 590 | |a Premi Ignasi Iglésias 1993 | ||
| 700 | |a Mesalles, Jordi, pr. |9 28849 | ||
| 710 | 1 | |a Institut del Teatre (Barcelona, Catalunya) |9 52662 | |
| 901 | |a Arxiu | ||
| 942 | |n 1 | ||
| 952 | |0 0 |1 0 |4 0 |6 L1270 |7 1 |9 47041 |a Arxiu |b Arxiu |d 2016-12-01 |l 0 |o L-1-270 |p 10694 |r 2016-12-01 00:00:00 |w 2016-12-01 |y ARXIU | ||
| 999 | |c 50834 |d 50834 | ||